Statistics for 中国历代帝王 Emperors in Ancient China

Click here to take the quiz!

General Stats

  • This quiz has been taken 471 times
  • The average score is 98 of 376

Answer Stats

朝代谥号(或庙号等)姓名% Correct
始皇帝嬴政
99%
西汉高帝刘邦
97%
西楚霸王项籍
96%
蜀汉昭烈帝刘备
88%
二世皇帝嬴胡亥
88%
东汉光武帝刘秀
86%
孙吴大帝孙权
85%
曹魏文帝曹丕
85%
后主刘禅
82%
武帝刘彻
82%
太宗李世民
80%
武周则天大圣皇帝武曌
79%
大明太祖朱元璋
78%
西晋武帝司马炎
76%
三世皇帝嬴子婴
76%
成祖朱棣
75%
北宋太祖赵匡胤
73%
(宣统)爱新觉罗·溥仪
73%
高祖李渊
72%
安汉公王莽
72%
玄宗李隆基
71%
炀帝杨广
70%
大元世祖孛儿只斤·忽必烈
68%
文帝杨坚
68%
高宗李治
66%
惠帝朱允炆
64%
太宗赵炅
64%
大清太宗爱新觉罗·皇太极
64%
南宋高宗赵构
63%
献帝刘协
62%
乌程侯孙皓
61%
太祖完颜旻
61%
思宗朱由检
60%
后主李煜
59%
太祖耶律阿保机
58%
英宗朱祁镇
57%
惠帝刘盈
57%
明帝曹叡
57%
高贵乡公曹髦
57%
圣祖爱新觉罗·玄烨
56%
文帝刘恒
56%
仁宗朱高炽
56%
东晋元帝司马睿
55%
中宗李显
54%
代宗朱祁钰
54%
刘宋武帝刘裕
54%
景帝刘启
54%
宣宗朱瞻基
53%
惠帝司马衷
53%
孝文帝拓跋宏
52%
宣昭帝苻坚
52%
武宗朱厚照
52%
熹宗朱由校
51%
玄汉(更始)刘玄
50%
后梁太祖朱温
50%
高宗爱新觉罗·弘历
50%
昭帝刘弗陵
49%
会稽王孙亮
49%
景帝孙休
49%
世宗爱新觉罗·胤禛
49%
睿宗李旦
48%
后晋高祖石敬瑭
48%
西夏景宗李元昊
47%
齐王曹芳
47%
武帝萧衍
47%
世宗柴荣
47%
世宗朱厚熜
46%
武帝陈霸先
45%
世祖爱新觉罗·福临
44%
萧齐高帝萧道成
44%
海昏侯刘贺
44%
徽宗赵佶
44%
宪宗朱见深
43%
太武帝拓跋焘
43%
后主陈叔宝
42%
宣帝刘询
41%
后唐庄宗李存勖
41%
后少帝刘辩
41%
光宗朱常洛
41%
元帝曹奂
40%
北齐文宣帝高洋
40%
冉魏武悼天王冉闵
40%
神宗朱翊钧
39%
文帝刘义隆
38%
后周太祖郭威
38%
太宗耶律德光
37%
北魏道武帝拓跋珪
36%
灵帝刘宏
36%
汉赵光文帝刘渊
36%
海陵王完颜亮
35%
武帝宇文邕
35%
后赵明帝石勒
34%
肃宗李亨
34%
武帝石虎
34%
孝宗朱佑樘
34%
穆宗朱载坖
34%
后燕武成帝慕容垂
33%
后汉高祖刘知远
33%
孺子刘婴
33%
明帝刘庄
32%
德宗爱新觉罗·载湉
31%
桓帝刘志
31%
成帝刘骜
31%
胡夏武烈帝赫连勃勃
30%
真宗赵恒
30%
恭帝杨侑
30%
宣宗爱新觉罗·旻宁
30%
昭宗朱由榔
29%
东昏侯萧宝卷
29%
前废帝刘子业
29%
武宗孛儿只斤·海山
29%
穆宗爱新觉罗·载淳
29%
章帝刘炟
28%
元帝刘奭
28%
后秦武昭帝姚苌
28%
安帝司马德宗
28%
恭帝司马德文
28%
仁宗爱新觉罗·颙琰
28%
献文帝拓跋弘
28%
仁宗赵祯
28%
恭帝柴宗训
28%
哀帝刘欣
27%
少帝刘义符
27%
东魏孝静帝元善见
26%
明帝刘彧
26%
明宗李嗣源
25%
后废帝刘昱
25%
北周孝闵帝宇文觉
25%
后少帝刘弘
25%
吴越太祖钱镠
25%
怀帝司马炽
25%
愍帝司马邺
25%
前少帝刘恭
24%
宪宗李纯
24%
钦宗赵桓
24%
武成帝高湛
24%
德宗李适
24%
昭武帝刘聪
23%
代宗李豫
23%
少帝赵昺
23%
出帝石重贵
22%
末帝李从珂
22%
明帝司马绍
22%
文帝陈蒨
22%
成汉武帝李雄
22%
昭文帝刘曜
22%
后主高纬
22%
元宗李璟
22%
孝昭帝高演
22%
平帝刘衎
22%
英宗赵曙
22%
前蜀高祖王建
21%
殇帝刘隆
21%
文桓帝姚兴
21%
越厉王苻生
21%
孝武帝刘骏
21%
南燕献武帝慕容德
21%
仁宗孛儿只斤·爱育黎拔力八达
21%
明帝萧鸾
21%
和帝刘肇
21%
南明安宗朱由崧
20%
神宗赵顼
20%
孝武帝司马曜
20%
殇帝李重茂
20%
文宗爱新觉罗·奕詝
20%
哀宗完颜守绪
20%
昭宗完颜承麟
20%
哀帝李柷
20%
道宗耶律洪基
20%
顺帝刘保
20%
后主孟昶
20%
前秦景明帝苻健
20%
哀帝司马丕
19%
南吴太祖杨行密
19%
(天祚)耶律延禧
19%
西魏文帝元宝炬
19%
惠愍帝慕容宝
19%
世宗完颜雍
19%
穆宗耶律璟
19%
威帝慕容冲
19%
后凉懿武帝吕光
19%
宁宗赵扩
19%
安帝刘祜
18%
前燕文明帝慕容皝
18%
绍宗朱聿键
18%
和帝萧宝融
18%
均王朱友贞
18%
前凉武王张轨
18%
宣帝陈顼
18%
哲宗赵煦
18%
穆宗李恒
18%
成宗孛儿只斤·铁穆耳
18%
武宗李炎
18%
宣宗李忱
18%
太祖王审知
17%
简文帝司马昱
17%
南安王拓跋余
17%
顺宗李诵
17%
梁王刘和
17%
理宗赵昀
17%
文宗李昂
17%
懿宗李漼
17%
宣帝宇文赟
17%
郁林王萧昭业
17%
章宗完颜璟
17%
末帝赫连定
17%
武帝萧赜
17%
明元帝拓跋嗣
17%
圣宗耶律隆绪
17%
太宗完颜晟
17%
孝宗赵昚
17%
静帝宇文阐
16%
孝庄帝元子攸
16%
质帝刘缵
16%
南楚武穆王马殷
16%
简文帝萧纲
16%
后蜀高祖孟知祥
16%
昭宗李晔
15%
郢王朱友珪
15%
毅宗李谅祚
15%
海西公司马奕
15%
冲帝刘炳
15%
穆帝司马聃
15%
闵帝李从厚
15%
襄宗李安全
15%
文成帝拓跋濬
15%
明帝宇文毓
15%
僖宗李儇
15%
武宣王沮渠蒙逊
15%
宣武帝元恪
15%
哀平帝苻丕
15%
幽帝慕容暐
15%
敬宗李湛
15%
(天顺)孛儿只斤·阿速吉八
15%
元帝萧绎
15%
文成帝冯跋
15%
敬帝萧方智
14%
景昭帝慕容儁
14%
康帝司马岳
14%
端宗赵昰
14%
度宗赵禥
14%
废帝赫连昌
14%
卫绍王完颜永济
14%
元凶刘劭
14%
废帝高殷
14%
西凉武昭王李暠
14%
高帝苻登
14%
孝明帝元诩
14%
世宗耶律阮
14%
平帝刘准
13%
隐帝刘承祐
13%
成帝司马衍
13%
北燕惠懿帝慕容云
13%
悼公张天锡
13%
南凉武王秃发乌孤
13%
末帝慕容超
13%
武元王乞伏乾归
13%
西秦宣烈王乞伏国仁
13%
光宗赵惇
13%
海陵王萧昭文
13%
归义侯李势
13%
熙宗完颜亶
12%
兴宗耶律宗真
12%
恭帝赵㬎
12%
英宗孛儿只斤·硕德八剌
12%
少帝高恒
12%
桓王张重华
12%
(武泰)元姑娘
12%
康王秃发利鹿孤
12%
孝武帝元修
12%
昭文帝李寿
12%
宣宗完颜珣
11%
后主王衍
11%
南汉高祖刘䶮
11%
南唐烈祖李昇
11%
末帝姚泓
11%
烈祖杨渥
11%
恭帝拓跋廓
11%
海阳王石弘
11%
绍武帝朱聿鐭
11%
仁宗李仁孝
11%
临海王陈伯宗
11%
文昭王乞伏炽磐
11%
冲王张玄靓
11%
景王秃发傉檀
11%
昭王张寔
11%
前少帝刘懿
11%
忠懿王钱俶
11%
西燕烈文帝慕容泓
11%
(泰定)孛儿只斤·也孙铁木儿
10%
灵帝吕纂
10%
安定王元朗
10%
文宗孛儿只斤·图帖睦尔
10%
宁宗孛儿只斤·懿璘质班
10%
昭成帝冯弘
10%
节闵帝元恭
10%
昭文帝慕容熙
10%
北凉(天玺)段业
10%
文王张骏
10%
威王张祚
10%
哀帝李班
10%
邛都幽公李期
10%
北汉世祖刘崇
10%
隐帝刘粲
10%
昭武帝慕容盛
10%
义阳王石鉴
10%
后主刘鋹
10%
景宗耶律贤
10%
衡阳王马希声
10%
西梁宣帝萧詧
9%
南平武信王高季兴
9%
末帝乞伏暮末
9%
献宗李德旺
9%
后主李睍
9%
废帝元钦
9%
明宗孛儿只斤·和世㻋
9%
后主刘继元
9%
谯王石世
9%
彭城王石遵
9%
末帝吕隆
8%
赵王慕容麟
8%
河东王慕容永
8%
翟魏威宗翟辽
8%
惠宗李秉常
8%
文昭王马希范
8%
睿帝杨溥
8%
高祖杨隆演
8%
长广王元晔
8%
闵帝萧渊明
8%
孝明帝萧岿
8%
恭懿王王延政
8%
恭孝王马希萼
8%
崇宗李乾顺
8%
楚王马希广
7%
(昌平)段随
7%
海宾侯冉智
7%
末帝苻崇
7%
殇帝刘玢
7%
哀王张耀灵
7%
成王张茂
7%
昌黎王兰汗
7%
河西王沮渠无讳
7%
哀王沮渠牧犍
7%
(嘉兴)李歆
7%
(武泰)元钊
7%
末帝翟钊
7%
淮阴王萧栋
7%
河西郡王沮渠安周
7%
隐王吕绍
7%
神宗李遵顼
7%
开封公慕容详
6%
中宗刘晟
6%
惠宗孛儿只斤·妥懽帖木尔
6%
孝靖帝萧琮
6%
世宗钱元瓘
6%
桓宗李纯佑
6%
景宗刘继恩
6%
嗣主王延翰
5%
(永建)李恂
5%
惠宗王延钧
5%
景宗王延羲
5%
(建明)慕容顗
5%
后主马希崇
5%
文献王高从诲
5%
贞安王高保勖
5%
德仁王高继冲
5%
睿宗刘钧
5%
(建平)慕容瑶
5%
(建武)慕容忠
5%
成宗钱佐
5%
贞懿王高保融
4%
忠逊王钱倧
4%

Score Distribution

Percentile by Number Answered

Percent of People with Each Score

Your Score History

You have not taken this quiz